Grandeza y servidumbre de la inteligencia / (Record no. 115880)

MARC details
000 -LEADER
campo de control de longitud fija 00607nam a2200193 4500
001 - NÚMERO DE CONTROL
campo de control 115880
003 - IDENTIFICADOR DE NÚMERO DE CONTROL
campo de control ES-MaACL
005 - FECHA Y HORA DE LA ÚLTIMA TRANSACCIÓN
campo de control 20231228173806.0
007 - CAMPO FIJO DE DESCRIPCIÓN FÍSICA--INFORMACIÓN GENERAL
campo de control de longitud fija t|
008 - DATOS DE LONGITUD FIJA--INFORMACIÓN GENERAL
campo de control de longitud fija 061121s1919 sp r ||||1| spa d
100 1# - ENTRADA PRINCIPAL--NOMBRE DE PERSONA
Nombre de persona Ors, Eugenio d',
Fechas asociadas al nombre 1881-1954
9 (RLIN) 87358
245 10 - MENCIÓN DEL TÍTULO
Título Grandeza y servidumbre de la inteligencia /
Mención de responsabilidad, etc. Eugenio d'Ors.
260 ## - PUBLICACIÓN, DISTRIBUCIÓN, ETC.
Lugar de publicación, distribución, etc. Madrid :
Nombre del editor, distribuidor, etc. [s.n.],
Fecha de publicación, distribución, etc. 1919 (
Fabricante Imp. Clásica Española)
300 ## - DESCRIPCIÓN FÍSICA
Extensión 71 p. ;
Dimensiones 19 cm.
500 ## - NOTA GENERAL
Nota general Es publicación de la Residencia de Estudiantes. Serie IV.
505 8# - NOTA DE CONTENIDO CON FORMATO
Nota de contenido con formato Vol. 8
852 ## - LOCALIZACIÓN
Ubicación ES-MaACL
Número de control de estantería D-5630
Sublocalización o colección R.30173
Holdings
Estatus retirado Estado de pérdida Estado de daño No para préstamo Biblioteca de origen Biblioteca actual Ubicación en estantería Fecha de adquisición Fuente de adquisición Total de préstamos Signatura topográfica completa Código de barras Visto por última vez Precio de reemplazo Tipo de ítem Koha
        Biblioteca del Ateneo de Madrid Biblioteca del Ateneo de Madrid Sala Valle Inclán 17/01/2008     D-5630 901120844 23/02/2023 23/02/2023 Libro impreso